Les dix commandements : De l' Amour de soi. De L' Amour. De la famille
Na minha lista:
| Autor principal: | |
|---|---|
| Formato: | Livro |
| Idioma: | Undetermined |
| Publicado em: |
París, Francia
E. Sansot
[s.f.]
|
| Edição: | 7 |
| Assuntos: | |
| Tags: |
Adicionar Tag
Sem tags, seja o primeiro a adicionar uma tag!
|
MARC
| LEADER | 00000nam a2200000Ia 4500 | ||
|---|---|---|---|
| 008 | 170316s9999 xx 000 0 und d | ||
| 040 | |a cru BVZT | ||
| 090 | |a 840 F-1d | ||
| 100 | |a Faguet, Emile | ||
| 245 | |a Les dix commandements : De l' Amour de soi. De L' Amour. De la famille | ||
| 250 | |a 7 | ||
| 260 | |a París, Francia | ||
| 260 | |b E. Sansot | ||
| 260 | |c [s.f.] | ||
| 300 | |a 297 páginas Vol. I, II, III. | ||
| 650 | |a LITERATURA FRANCESA | ||
| 999 | |c 7666 |d 7666 | ||
| 942 | |c 15 D |h 840 F-1d |2 z | ||
